Starnutie populácie: nové ukazovatele a výzvy bakalárska práca

Enregistré dans:
Détails bibliographiques
Auteur principal: Slaninková, Ivona
Collectivité auteur: Národohospodárska fakulta EU. Katedra hospodárskej politiky
Autres auteurs: Lábaj, Martin, 1982-
Format: Livre
Langue:slovaque
Publié: Bratislava 2017
Tags: Ajouter un tag
Pas de tags, Soyez le premier à ajouter un tag!

MARC

LEADER 00000nbm a2200000 4500
001 0233875
005 20170801094440.7
041 0 |a slo 
044 |a SK 
245 1 0 |a Starnutie populácie: nové ukazovatele a výzvy  |b bakalárska práca  |c Ivona Slaninková ; školiteľ: Martin Lábaj 
264 1 |a Bratislava  |c 2017 
300 |a 54 s. 
100 1 |a Slaninková, Ivona 
700 1 |a Lábaj, Martin, 1982- 
710 2 |a Národohospodárska fakulta EU. Katedra hospodárskej politiky